T.B.M.M. Millet Meclisi albümü (Record no. 1066)

MARC details
000 -BAŞLIK
Sabit Uzunlukta Kontrol Alanı 00688na a2200205 4500
001 - KONTROL NUMARASI
Denetim Alanı 15942
003 - KONTROL NUMARASI IDENTIFIER
Denetim Alanı MIRAKIL
005 - SON İŞLEM TARİHİ VE ZAMANI
Denetim Alanı 20181213154811.0
008 - SABİT-BOY VERİ ELEMANLARI - GENEL BİLGİLER
Sabit Uzunlukta Kontrol Alanı 161008b tu 000 0
040 ## - KATALOGLAMA KAYNAK
Orijinal Kataloglama Ajansı Milas
Kataloglama Dili tur
Metne Dönüştürmek Ajansı TR-AnCHP
082 ## - DEWEY ONLU SINIFLANDIRMA NUMARASI
Sınıflandırma Numarası 328.561
Ürün Numarası T15t [1971?]
090 ## - SINIFLAMA NUMARASI
Sınıflama Numarası 328.561 T15t [1971?]
110 ## - ANA GİRİŞ - KURUMSAL ADI
Giriş Elemanı Olarak Kurumsal Ad Veya Yargı Alanı Adı Türkiye Büyük Millet Meclisi (TBMM)
245 ## - BAŞLIK TABLOSU
Başlık T.B.M.M. Millet Meclisi albümü
Başlığın Kalan Dönem: II toplantı: 1 Mart 1970
Sorumluluk Tablosu, Vb Türkiye Büyük Millet Meclisi (TBMM)
246 ## - UNVAN FORM VARYING
Başlık Doğru / Kısa Başlığı Dönem: II toplantı: 1 Mart 1970
260 ## - YAYIN, DAĞITIM, VB
Yayın, Dağıtım, Vb Yeri Ankara
Yayıncı, Dağıtıcı, Vs Adı Türkiye Büyük Millet Meclisi (TBMM)
Yayın, Dağıtım, Vb Tarihi [1971?]
300 ## - FİZİKSEL TANIM
Kapsam 163 s.
Diğer Fiziksel Ayrıntıları fotğ.
Boyutlar 17 sm.
610 ## - KONU KATMA GİRİŞ - TOPLANTI ADI
Giriş Elemanı Olarak Kurumsal Ad Veya Yargı Alanı Adı TBMM
Genel Alt Bölüm Albümler
Kronolojik Alt Bölüm 1970
942 ## - EKLENDİ GİRİŞ ELEMANLARI (KOHA)
Sınıflandırma Veya Raf Düzeni Kaynak Dewey Decimal Classification
Koha Öğesi Türü Books
999 ## - SİSTEM KONTROL NUMARALARI (KOHA)
Koha Biblionumber 1066
Koha Biblioitemnumber 1066
Holdings
Kalıcı Konum Mevcut Konum Edinme Tarihi Edinim Kaynak Toplam Check-Out'Lar Tam Çağrı Numarası Barkod Tarih Son Görülme İtibaren Geçerli Fiyatlar Koha Öğesi Türü Kopya Sayısı
CHP Kütüphanesi CHP Kütüphanesi 09/27/2016 Bağış   328.561 T15t [1971?] 005105 09/27/2016 09/27/2016 Books  
CHP Kütüphanesi CHP Kütüphanesi 09/27/2016 Bağış   328.561 T15t [1971?] 005106 09/27/2016 09/27/2016 Books k.2